| 000 -LEADER |
| fixed length control field |
00413nam a22001217a 4500 |
| 040 ## - CATALOGING SOURCE |
| Transcribing agency |
RUA |
| 082 ## - DEWEY DECIMAL CLASSIFICATION NUMBER |
| Classification number |
RUA NGO 2010 C217 Or. |
| 100 ## - MAIN ENTRY--AUTHOR NAME |
| Personal name |
បណ្ឌិត ង៉ោ ប៊ុនថាន |
| 245 ## - TITLE STATEMENT |
| Title |
ធនធានមនុស្សសាកលវិទ្យាភូមិន្ទកសិកម្ម២០០៧-២០០៩ |
| 260 ## - PUBLICATION, DISTRIBUTION, ETC. (IMPRINT) |
| Place of publication |
phnom penh |
| Name of publisher |
rua |
| Year of publication |
2009 |
| 300 ## - PHYSICAL DESCRIPTION |
| Other physical details |
ill. |
| Dimensions |
29cm. |
| 942 ## - ADDED ENTRY ELEMENTS (KOHA) |
| Koha item type |
ឯកសារយោង |
| 952 ## - LOCATION AND ITEM INFORMATION (KOHA) |
| Withdrawn status [LOCAL, KOHA] |
0 |
| 952 ## - LOCATION AND ITEM INFORMATION (KOHA) |
| Withdrawn status [LOCAL, KOHA] |
0 |
| 952 ## - LOCATION AND ITEM INFORMATION (KOHA) |
| Withdrawn status [LOCAL, KOHA] |
0 |
| 952 ## - LOCATION AND ITEM INFORMATION (KOHA) |
| Withdrawn status [LOCAL, KOHA] |
0 |